000 02650cam a22003854a 4500
001 16498891
003 OSt
005 20231022101958.0
008 101012s2012 maua b 001 0 eng
010 _a
020 _a9780138024666
020 _a0138024669
035 _a(OCoLC)ocn670176137
040 _aDNLM/DLC
_cLC
_dYDX
042 _apcc
050 0 0 _aRT41.B51
060 1 0 _aWY 100
060 4 _aWY 100
_bK88 2012
082 0 0 _a610.73
_222
100 _aBerman, Audrey.
_9189
245 0 0 _aStudy guide for: Kozier & Erb's fundamentals of nursing: concepts, process, and practice. /
_cAudrey Berman, Shirley Snyder, Stephanie Bronsky
246 3 0 _aFundamentals of nursing
246 3 0 _aStudent workbook and resource guide for: Kozier & Erb's fundamentals of nursing: concepts, process, and practice
250 _a9th ed.
260 _aBoston :
_bPearson,
_c2012.
300 _avii, 307 p. :
_bill.;
_c28 cm.
504 _aIncludes bibliographical references and index.
505 0 _aContents: Historical and contemporary nursing practice -- Evidence-based practice and research in nursing -- Nursing theories and conceptual frameworks -- Legal aspects of nursing -- Values, ethics, and advocacy -- Health care delivery systems -- Community nursing and care continuity -- Home care -- Electronic health records and information technology -- Critical thinking and nursing practice -- Assessing -- Diagnosing -- Planning -- Implementing and evaluating -- Documenting and reporting -- Health promotion -- Health, wellness, and illness -- Culturally responsive nursing care -- Complementary and alternative healing modalities -- Concepts of growth and development -- Promoting health from conception through adolescence -- Promoting health in young and middle-aged adults -- Promoting health in older adults -- Promoting family health -- Caring -- Communicating -- Teaching -- Leading, managing, and delegating -- Vital signs -- Health assessment -- Asepsis -- Safety -- Hygiene -- Diagnostic testing -- Medications -- Skin integrity and wound care -- Perioperative nursing -- Sensory perception -- Self-concept -- Sexuality -- Spirituality -- Stress and coping -- Loss, grieving, and death -- Activity and exercise -- Sleep -- Pain management -- Nutrition -- Urinary elimination -- Fecal elimination -- Oxygenation -- Circulation -- Fluid, electrolyte, and acid-base balance -- Answer key --
650 0 _aNursing.
_9102
_vQuestions and Answers
700 1 _aSnyder, Shirley
_9189
700 1 _aBronsky, Stephanie
_92615
906 _a7
_bcbc
_corignew
_d1
_eecip
_f20
_gy-gencatlg
942 _2lcc
_cBK
999 _c9535
_d17035